| 000 | 00000nam 2200000zi 4500 |
| 001 | 9.952199 |
| 003 | CaOODSP |
| 005 | 20250821091228 |
| 006 | m o d f |
| 007 | cr cn||||||||| |
| 008 | 250610e202507##nfcd ob f000 0 eng d |
| 020 | |a9780660777894 |
| 040 | |aCaOODSP|beng|erda|cCaOODSP |
| 043 | |an-cn-nf|aln----- |
| 086 | 1 |aFs70-6/2025-034E-PDF |
| 245 | 00|aAssessment of divisions 2J+3KL capelin to 2024. |
| 264 | 1|aSt. John's NL : |bCanadian Science Advisory Secretariat : |bFisheries and Oceans Canada, Newfoundland and Labrador Region, Center for Science Advice, |cJuly 2025. |
| 264 | 4|c©2025 |
| 300 | |a1 online resource (10 pages) : |bgraphs. |
| 336 | |atext|btxt|2rdacontent |
| 337 | |acomputer|bc|2rdamedia |
| 338 | |aonline resource|bcr|2rdacarrier |
| 490 | 1 |aScience advisory report, |x1919-5087 ; |v2025/034 |
| 500 | |aCaption title. |
| 500 | |aIssued also in French under title: Évaluation du capelan dans les divisions 2J, 3K et 3L jusqu'en 2024. |
| 504 | |aIncludes bibliographical references (page 9). |
| 520 | |a"Fisheries and Oceans Canada (DFO) Fisheries Management has requested Science Advice on the status of 2J3KL Capelin (Mallotus villosus) stock (Capelin Newfoundland & Labrador [NL] Region Divisions 2+3 [Capelin Fishing Areas 1-11]). This species was last fully assessed in 2024. Full assessments are carried out annually and the next full assessment is scheduled for 2026. This Science Advisory Report is from the regional peer review of March 4-6, 2025, for the Stock Assessment of Capelin in Divisions 2J+3KL"--Context, page [1]. |
| 650 | 0|aCapelin|zNewfoundland and Labrador|zAtlantic Coast. |
| 650 | 0|aCapelin fisheries|zNewfoundland and Labrador|zAtlantic Coast. |
| 650 | 0|aFish stock assessment|zNewfoundland and Labrador|zAtlantic Coast. |
| 710 | 2 |aCanadian Science Advisory Secretariat, |eissuing body. |
| 710 | 1 |aCanada. |bDepartment of Fisheries and Oceans. |bNewfoundland and Labrador Region, |eissuing body. |
| 775 | 08|tÉvaluation du capelan dans les divisions 2J, 3K et 3L jusqu'en 2024.|w(CaOODSP)9.952200 |
| 830 | #0|aScience advisory report (Canadian Science Advisory Secretariat)|x1919-5087 ; |v2025/034.|w(CaOODSP)9.506226 |
| 856 | 40|qPDF|s633 KB|uhttps://publications.gc.ca/collections/collection_2025/mpo-dfo/fs70-6/Fs70-6-2025-034-eng.pdf |